Đời sống các đế vương Trung Hoa
Là một loại bách khoa thư về cuộc sống cung đình các đế vương Trung Hoa từ khi ông vua Tần Thuỷ Hoàng ông vua đầu tiên nhà Tần (221-210) đến ông vua cuối cùng Phổ Nghi (1909-1911) của Triều Thanh.
محفوظ في:
| المؤلف الرئيسي: | |
|---|---|
| التنسيق: | كتاب |
| اللغة: | Undetermined |
| منشور في: |
Đà Nẵng
Nhà xuất bản Đà Nẵng
1999
|
| الموضوعات: | |
| الوسوم: |
إضافة وسم
لا توجد وسوم, كن أول من يضع وسما على هذه التسجيلة!
|
| Thư viện lưu trữ: | Trung tâm Học liệu Trường Đại học Cần Thơ |
|---|
| LEADER | 00991nam a2200217Ia 4500 | ||
|---|---|---|---|
| 001 | CTU_35874 | ||
| 008 | 210402s9999 xx 000 0 und d | ||
| 020 | |b 48.000đ | ||
| 020 | |c 48000 | ||
| 082 | |a 895.13 | ||
| 082 | |b T550/T.1 | ||
| 100 | |a Hướng Tư | ||
| 245 | 0 | |a Đời sống các đế vương Trung Hoa | |
| 245 | 0 | |c Hướng Tư, Vương Kính Luân ; Ông Văn Tùng, Phan Văn Các | |
| 260 | |a Đà Nẵng | ||
| 260 | |b Nhà xuất bản Đà Nẵng | ||
| 260 | |c 1999 | ||
| 520 | |a Là một loại bách khoa thư về cuộc sống cung đình các đế vương Trung Hoa từ khi ông vua Tần Thuỷ Hoàng ông vua đầu tiên nhà Tần (221-210) đến ông vua cuối cùng Phổ Nghi (1909-1911) của Triều Thanh. | ||
| 650 | |a Chinese literature,Historical fiction, chinese | ||
| 904 | |i Minh, Q. Hiếu (sửa) | ||
| 980 | |a Trung tâm Học liệu Trường Đại học Cần Thơ | ||